<?xml version="1.0" encoding="UTF-8"?>
<record
    xmlns:xsi="http://www.w3.org/2001/XMLSchema-instance"
    xsi:schemaLocation="http://www.loc.gov/MARC21/slim http://www.loc.gov/standards/marcxml/schema/MARC21slim.xsd"
    xmlns="http://www.loc.gov/MARC21/slim">

  <leader>00701nam a22001697a 4500</leader>
  <controlfield tag="008">110222t        xxu||||| |||| 00| 0 eng d</controlfield>
  <datafield tag="082" ind1=" " ind2=" ">
    <subfield code="a">335</subfield>
    <subfield code="b">&#x623; &#x62D; &#x645;</subfield>
  </datafield>
  <datafield tag="100" ind1=" " ind2=" ">
    <subfield code="9">22253</subfield>
    <subfield code="a">&#x623;&#x62D;&#x645;&#x62F; &#x60C; &#x639;&#x628;&#x62F; &#x627;&#x644;&#x643;&#x631;&#x64A;&#x645;</subfield>
  </datafield>
  <datafield tag="245" ind1=" " ind2=" ">
    <subfield code="a">&#x628;&#x62D;&#x648;&#x62B; &#x641;&#x64A; &#x627;&#x644;&#x627;&#x634;&#x62A;&#x631;&#x627;&#x643;&#x64A;&#x629; /</subfield>
    <subfield code="c">&#x639;&#x628;&#x62F; &#x627;&#x644;&#x643;&#x631;&#x64A;&#x645; &#x623;&#x62D;&#x645;&#x62F;</subfield>
  </datafield>
  <datafield tag="260" ind1=" " ind2=" ">
    <subfield code="a">&#x628;&#x64A;&#x631;&#x648;&#x62A; :</subfield>
    <subfield code="b">&#x627;&#x644;&#x645;&#x624;&#x633;&#x633;&#x629; &#x627;&#x644;&#x639;&#x631;&#x628;&#x64A;&#x629; &#x644;&#x644;&#x62F;&#x631;&#x627;&#x633;&#x627;&#x62A; &#x648;&#x627;&#x644;&#x646;&#x634;&#x631; &#x60C;1972</subfield>
    <subfield code="c">1972</subfield>
  </datafield>
  <datafield tag="300" ind1=" " ind2=" ">
    <subfield code="a">192 &#x635; &#x61B;</subfield>
    <subfield code="c">24 &#x633;&#x645;</subfield>
  </datafield>
  <datafield tag="650" ind1=" " ind2=" ">
    <subfield code="9">8522</subfield>
    <subfield code="a">&#x627;&#x644;&#x627;&#x634;&#x62A;&#x631;&#x627;&#x643;&#x64A;&#x629;</subfield>
  </datafield>
  <datafield tag="650" ind1=" " ind2=" ">
    <subfield code="9">22254</subfield>
    <subfield code="a">&#x627;&#x644;&#x627;&#x634;&#x62A;&#x631;&#x627;&#x643;&#x64A;&#x648;&#x646;</subfield>
  </datafield>
  <datafield tag="650" ind1=" " ind2=" ">
    <subfield code="9">16253</subfield>
    <subfield code="a">&#x627;&#x644;&#x645;&#x627;&#x631;&#x643;&#x633;&#x64A;&#x629;</subfield>
  </datafield>
  <datafield tag="942" ind1=" " ind2=" ">
    <subfield code="2">ddc</subfield>
    <subfield code="c">BB</subfield>
  </datafield>
  <datafield tag="999" ind1=" " ind2=" ">
    <subfield code="c">14953</subfield>
    <subfield code="d">14953</subfield>
  </datafield>
  <datafield tag="952" ind1=" " ind2=" ">
    <subfield code="0">0</subfield>
    <subfield code="1">0</subfield>
    <subfield code="2">ddc</subfield>
    <subfield code="4">0</subfield>
    <subfield code="7">0</subfield>
    <subfield code="8">Alef-Baa</subfield>
    <subfield code="a">MAIN</subfield>
    <subfield code="b">MAIN</subfield>
    <subfield code="c">1ST</subfield>
    <subfield code="d">2011-02-22</subfield>
    <subfield code="e">purchase</subfield>
    <subfield code="l">2</subfield>
    <subfield code="m">1</subfield>
    <subfield code="o">335 &#x623; &#x62D; &#x645;</subfield>
    <subfield code="p">000022796</subfield>
    <subfield code="r">2025-07-15 00:00:00</subfield>
    <subfield code="s">2017-11-26</subfield>
    <subfield code="y">BB</subfield>
  </datafield>
</record>
